000 01342nam a2200277 i 4500
001 157207
003 ES-MaACL
005 20250719062541.0
008 040811s1885 sp |||| | fre d
080 _a343.81
100 1 _aLastres y Juiz, Francisco,
_d1848-1918
_970504
245 1 2 _aL'ancienne et la nouvelle prison /
_cpar Francisco Lastres.
260 _aMadrid :
_b[s.n.],
_c1885 (
_fTip. de Manuel Ginés Hernández)
300 _a29 p. ;
_c24 cm.
500 _a"La reforme pènitentiaire en Espagne" -- cubierta
500 _aConferencia dada en el Ateneo de Madrid el 5 de junio de 1884.
610 2 4 _aAteneo de Madrid-
_vConferencias-
_yS.XIX.
_91910
650 0 4 _aEstablecimientos penitenciarios-
_zEspaña.
_9145832
650 _aDerecho penitenciario-
_zEspaña.
_9176229
852 _aES-MaACL
_jD-102(5)
_9163012
_bR.FOLL.8/5
_cSVI
_dOlim: 193-C-15
_hDonación: Francisco Lastres y Juiz
_xEncuadernado con otras obras formando un volumen facticio.
_gAnotación manuscrita en portada: "Folletos penitenciarios. Tomo 15"
852 _aES-MaACL
_jT-435-F-8
_9163011
_gDedicatoria autógrafa del autor
_hDonación: Francisco Lastres y Juiz
_cDEPOF
903 _aLastres y Juiz, Francisco,
_d1848-1918
_q1
_ednr
_970504
942 _2udc
_cFOLLETOS
999 _c157207
_d157207